Best of packaging in Japan : no. 22.

Bibliographic Details
Format: Book
Published: Japan: Nippon Syuppan, 2005.
Subjects:
LEADER 00398cam a2200145 7i4500
001 0000019179
005 20140418090000.0
020 0 0 |a 4890862064  
090 0 0 |a DE 688.8   |b BES 
245 0 0 |a Best of packaging in Japan :   |b no. 22. 
260 0 0 |a Japan:   |b Nippon Syuppan,   |c 2005. 
300 # # |a [v.p]. 
650 0 0 |a Packaging --   |z Japan  
651 0 0 |a Japan  
999 |a B000019671  |b Book  |c Countries  |e Business Information Centre